[Event "Novokuznetsk Summer op"]
[Site "Novokuznetsk"]
[Date "2010.06.19"]
[Round "5"]
[White "Radygin, Alexandr"]
[Black "Morokov, Anatoliy"]
[Result "0-1"]
[WhiteElo "1809"]
[BlackElo "1797"]
[PlyCount "118"]
[EventDate "2010.06.15"]
[EventType "swiss"]
[EventRounds "11"]
[EventCountry "RUS"]
[SourceTitle "EXT 2011"]
[Source "ChessBase"]
[SourceDate "2010.11.26"]
[SourceVersion "1"]
[SourceVersionDate "2010.11.26"]
[SourceQuality "1"]

1. Nf3 b5 2. g3 Bb7 3. Bg2 Nf6 4. 0-0 e6 5. a4 b4 6. d4 Be7 7. Nbd2 0-0 8. Re1 Nc6 9. e4 a5 10. e5 Nd5 11. Ne4 Ba6 12. Bg5 Bxg5 13. Nfxg5 h6 14. Nf3 d6 15. exd6 cxd6 16. g4 Qe7 17. h4 f5 18. gxf5 Rxf5 19. Bh3 Rxf3 20. Qxf3 Rf8 21. Qg3 Nxd4 22. Qxd6 Qxd6 23. Nxd6 Nf4 24. Bf1 Nf3+ 25. Kh1 Nxe1 26. Rxe1 Bxf1 27. Rxf1 Ng6 28. h5 Nf4 29. Nb7 Rf5 30. Re1 Rxh5+ 31. Kg1 Rf5 32. Rd1 Re5 33. Rd8+ Kf7 34. Ra8 g5 35. Nxa5 Rc5 36. c3 bxc3 37. bxc3 Rxc3 38. Nb7 Kf6 39. a5 Rc1+ 40. Kh2 Rf1 41. a6 Rxf2+ 42. Kh1 Ra2 43. a7 Kg7 44. Nc5 g4 45. Ne4 h5 46. Nf6 Ra1+ 47. Kh2 Kxf6 48. Rf8+ Ke5 49. a8Q Rxa8 50. Rxa8 h4 51. Ra5+ Ke4 52. Ra4+ Kf5 53. Ra5+ e5 54. Ra3 g3+ 55. Kg1 e4 56. Ra8 e3 57. Rf8+ Kg4 58. Rg8+ Kf3 59. Kf1 h3 0-1